[Event "Komotini op"]
[Site "Komotini"]
[Date "1992.??.??"]
[Round "?"]
[White "Kofidis, Andreas"]
[Black "Ehlvest, Jaan"]
[Result "1/2-1/2"]
[WhiteElo "2350"]
[BlackElo "2635"]

1.e4 c5 2.Nf3 e6 3.d4 cxd4 4.Nxd4 Nf6 5.Bd3 Nc6 6.Nxc6 bxc6 7.O-O d5 8.Nd2 Bd6
9.Qe2 Qc7 10.h3 O-O 11.c4 Bb7 12.b3 Bh2+ 13.Kh1 Be5 14.Rb1 c5 15.exd5 exd5
16.Nf3 Rfe8 17.Nxe5 Rxe5 18.Bf4 Rxe2 19.Bxc7 Rxa2 20.Ra1 Rd2 21.Rad1 Rb2
22.Rb1 Rxb1 23.Rxb1 Rc8 24.Be5 dxc4 25.Bxc4 Nd7 26.Bf4 Nb6 27.Ra1 Nxc4 28.bxc4 a6
29.Ra5 f6 30.Be3 Kf7 31.Bxc5 Rc6 32.Kh2 Bc8 33.g4 Be6 34.Kg3 Bxc4 35.Be3 Bb5
36.h4 Rc4 37.Ra3 Ke6 38.Bb6 g6 39.f3 h5 40.Re3+ Kf7 41.Bd8 Rd4 42.Bb6 Rd5
43.Kf4 Bd7 44.Ra3 Rd6 45.Bc5 Rc6 46.Ra5 Rc8 47.gxh5 gxh5 48.Bd4 Rc4 49.Ke3 Bb5
50.Ra3 Rc2 51.Kf4 Rd2 52.Bb6 Rh2 53.Kg3 Rc2 54.Ba5 Kg6 55.Bd8 Kf5 56.Bb6 Rc1
57.Bd4 Rd1 58.Bb6 Rh1 59.Bd4 Rd1 60.Bb6 Rd6 61.Bc5 Rc6 62.Bd4 Rc4 63.Bb6 Kg6
64.Bd8 Rc1 65.Bb6 Rh1 66.Be3 Bd7 67.Bf2 Bb5 68.Be3 Bf1 69.Bf2 Rh3+ 70.Kf4 Rh2
71.Be1 Re2 72.Ba5 Re5 73.Bc3 Rf5+ 74.Kg3 Bb5 75.Ba5 Bc6 76.Bc7 Kf7 77.Rc3 Bd5
78.Bb6 Ke6 79.f4 Be4 80.Rc5 Rxc5 81.Bxc5 a5 82.Ba3 Kd5 83.Kf2 Kc4 84.Ke3 f5
85.Be7 Kc3 86.Ke2 Kc2 87.Bd6 a4 88.Be7 Bb7 89.Bf8 Ba6+ 90.Ke3 Kd1 91.Be7 Ke1
92.Bb4+  1/2-1/2

[Event "Kuopio op"]
[Site "Kuopio"]
[Date "1992.??.??"]
[Round "2"]
[White "Ehlvest, Jaan"]
[Black "Rubene, Ilze"]
[Result "1-0"]
[WhiteElo "2635"]
[BlackElo "2200"]

1.d4 d5 2.c4 c6 3.Nf3 Nf6 4.e3 g6 5.Bd3 Bg7 6.O-O O-O 7.Nc3 Bf5 8.Bxf5 gxf5
9.b3 Ne4 10.Bb2 Nd7 11.Ne2 e6 12.Nf4 Kh8 13.Rc1 Qe7 14.Rc2 Rg8 15.Nd3 Bh6
16.Nc5 Ndf6 17.Ne5 Rg7 18.cxd5 Nxd5 19.Qh5 Bg5 20.Kh1 Rag8 21.Qf3 Nef6 22.g3 h5
23.e4 fxe4 24.Nxe4 Nxe4 25.Qxe4 f5 26.Qe2 Rh7 27.Re1 h4 28.g4 h3 29.gxf5 exf5  1-0

[Event "Kuopio op"]
[Site "Kuopio"]
[Date "1992.??.??"]
[Round "3"]
[White "Karner, Hillar"]
[Black "Ehlvest, Jaan"]
[Result "1/2-1/2"]
[WhiteElo "2360"]
[BlackElo "2635"]

1.d4 Nf6 2.Nf3 e6 3.g3 b5 4.Bg2 Bb7 5.O-O h6 6.Nbd2 d5 7.Nb3 a5 8.Bd2 Nc6
9.Ne5 a4 10.Nxc6 Bxc6 11.Na5 Bd7 12.Nb7 Qc8 13.Nc5 Bd6 14.Bb4 O-O 15.a3 Re8
16.f4 Bc6 17.Qd3 Nd7 18.Qc3 Nxc5 19.Bxc5 Bxc5 20.Qxc5 Ra6 21.Qb4 Bd7 22.Rf3 Rc6
23.Qd2 Qa6 24.Re1 Qb6 25.c3 Rd6 26.Rd3 Rd8 27.Rd1 Bc8 28.Qe3 Ba6 29.R3d2 Bb7  1/2-1/2

[Event "Kuopio op"]
[Site "Kuopio"]
[Date "1992.??.??"]
[Round "4"]
[White "Ehlvest, Jaan"]
[Black "Nevanlinna, Risto"]
[Result "1-0"]
[WhiteElo "2635"]
[BlackElo "2290"]

1.d4 Nf6 2.Nf3 e6 3.c4 b6 4.g3 Bb7 5.Bg2 Be7 6.Nc3 Ne4 7.Bd2 Nxd2 8.Qxd2 c5
9.d5 f5 10.O-O O-O 11.Rad1 Na6 12.Rfe1 Bf6 13.e4 Bxc3 14.Qxc3 fxe4 15.dxe6 Qf6
16.Qxf6 gxf6 17.e7 Rfe8 18.Nh4 Rxe7 19.Nf5 Re5 20.Rxd7 Rb8 21.Nh6+ Kf8 22.Rxh7 Ba8
23.a3 Re6 24.Rd1 Bc6 25.Bh3  1-0

[Event "Kuopio op"]
[Site "Kuopio"]
[Date "1992.??.??"]
[Round "6"]
[White "Ehlvest, Jaan"]
[Black "Rantanen, Yrjo A"]
[Result "1-0"]
[WhiteElo "2635"]
[BlackElo "2385"]

1.d4 d5 2.c4 dxc4 3.Nf3 Nf6 4.e3 e6 5.Bxc4 c5 6.Qe2 Nbd7 7.O-O a6 8.Bb3 Qc7
9.e4 cxd4 10.e5 d3 11.Qe1 Ng4 12.Bf4 g5 13.Nxg5 Ngxe5 14.Nd2 Be7 15.Qe3 Qc5
16.Qg3 Ng6 17.Be3 Qf5 18.Nc4 h6 19.Nf3 e5 20.Rfe1 Kf8 21.Bd2 Nf4 22.Ncxe5 Nxe5
23.Nxe5 Ne2+ 24.Rxe2 dxe2 25.Nxf7  1-0

[Event "Kuopio op"]
[Site "Kuopio"]
[Date "1992.??.??"]
[Round "7"]
[White "Yrjola, Jouni"]
[Black "Ehlvest, Jaan"]
[Result "0-1"]
[WhiteElo "2460"]
[BlackElo "2635"]

1.d4 Nf6 2.c4 g6 3.g3 Bg7 4.Bg2 d5 5.cxd5 Nxd5 6.Nf3 Nb6 7.Nc3 Nc6 8.d5 Bxc3+
9.bxc3 Qxd5 10.Bf4 Qxd1+ 11.Rxd1 Be6 12.Ne5 Na5 13.c4 f6 14.c5 Na4 15.Bd2 O-O-O
16.Bxa5 Rxd1+ 17.Kxd1 fxe5 18.c6 bxc6 19.Kc2 Bd5 20.e4 Bc4 21.Bd2 Rd8 22.Be3 c5
23.h4 Rd3 24.Bh3+ Kb7 25.Rb1+ Kc6 26.Rb8 Ra3 27.Rd8 Rxa2+ 28.Kc1 e6  0-1

[Event "Manila ol (Men)"]
[Site "Manila"]
[Date "1992.??.??"]
[Round "?"]
[White "Ehlvest, Jaan"]
[Black "Gausel, Einar"]
[Result "1/2-1/2"]
[WhiteElo "2615"]
[BlackElo "2445"]

1.d4 Nf6 2.Nf3 e6 3.g3 b5 4.Qd3 a6 5.e4 Bb7 6.e5 Nd5 7.Bg2 c5 8.dxc5 Bxc5
9.O-O Nc6 10.c4 Ncb4 11.Qe2 bxc4 12.Qxc4 Rc8 13.Qg4 Kf8 14.Bg5 f6 15.exf6 Nxf6
16.Bxf6 Qxf6 17.Ne5 Qxe5 18.Bxb7 Rc7 19.Nc3 h5 20.Qe4 Qxe4 21.Nxe4 Bb6 22.a3 Rxb7
23.axb4 Ke7 24.Rxa6 Bd4 25.Ra4 Rhb8 26.Rd1 e5 27.Nc3 Ke6 28.Ra6+ Rb6 29.b5 d5
30.Rda1 Bxc3 31.bxc3 Kd6 32.Kg2 Kc5 33.Re1 e4 34.Rxb6 Rxb6 35.f3 exf3+ 36.Kxf3 Rxb5
37.Re7 Rb3 38.Rc7+ Kd6 39.Rxg7 Rxc3+ 40.Kf4 Rc2 41.h4 Re2 42.Rg6+ Re6 43.Rg5 Re4+
44.Kf3  1/2-1/2

[Event "Manila ol (Men)"]
[Site "Manila"]
[Date "1992.??.??"]
[Round "?"]
[White "Ehlvest, Jaan"]
[Black "Spraggett, Kevin"]
[Result "1/2-1/2"]
[WhiteElo "2615"]
[BlackElo "2545"]

1.d4 Nf6 2.c4 g6 3.Nc3 Bg7 4.e4 d6 5.Be2 O-O 6.Nf3 Bg4 7.Be3 Nfd7 8.h4 h5
9.Qd2 c5 10.d5 Na6 11.Bh6 Nc7 12.Bxg7 Kxg7 13.Nd1 Nf6 14.Ng5 Bxe2 15.Qxe2 Qd7
16.Ne3 b5 17.b3 bxc4 18.bxc4 e5 19.O-O Ng4 20.f4 exf4 21.Rxf4 Nxe3 22.Qxe3 f6
23.Nh3 Rae8 24.Raf1 Qe7 25.Nf2 Qe5 26.Nd3 Qc3 27.Rc1 Qa3 28.Qd2 Rb8 29.Rcf1 Rb6
30.R4f3 Ra6 31.R1f2 Qa5 32.Qe3 Qc3 33.e5 dxe5 34.Nxc5 Qxe3 35.Rxe3 Rb6 36.Ra3 a6
37.Rb3 Rxb3 38.axb3 Rc8 39.Nb7 Rb8 40.Na5 Rb6 41.Rd2 Rd6 42.Nc6 e4 43.Kf2 f5
44.Ke3 Kf6 45.Ra2 Rd7 46.Ra5 Rd6 47.g3 g5 48.hxg5+ Kxg5 49.Rc5 Ne8 50.Nd4 Kg4
51.Rc8 Nf6 52.Rc6 Rxc6 53.dxc6 Ne8 54.Ne2 a5 55.Nf4 Nd6 56.c7 Nc8 57.Ne2 Ne7
58.Nf4 Nc8 59.Ne2 Ne7 60.Kf2 Nc8 61.c5 Na7 62.Ke3 Nc8 63.Kf2 Na7  1/2-1/2

[Event "Manila ol (Men)"]
[Site "Manila"]
[Date "1992.??.??"]
[Round "?"]
[White "Ftacnik, Lubomir"]
[Black "Ehlvest, Jaan"]
[Result "1/2-1/2"]
[WhiteElo "2550"]
[BlackElo "2615"]

1.d4 Nf6 2.Nf3 e6 3.g3 b5 4.Bg2 Bb7 5.O-O h6 6.Nbd2 c5 7.c4 bxc4 8.Nxc4 cxd4
9.Qxd4 d5 10.Nce5 Be7 11.Qa4+ Nbd7 12.Be3 O-O 13.Rfc1 Nxe5 14.Nxe5 Bd6 15.Bd4 Qb8
16.f4 a5 17.e3 Rc8 18.Bf1 Rc7 19.Qd1 Ne4 20.Rxc7 Qxc7 21.Rc1 Qe7 22.Bb5 Bxe5
23.Bxe5 Qb4 24.Bd3 f6 25.Bd4 Ba6 26.Bxe4 dxe4 27.a3 Qe7 28.Qa4 Bb7 29.Qb5 Bd5
30.Qb6 Qf7 31.Qb5 a4 32.Qe2 h5 33.Rc5 Qg6 34.Qc2 Kh7 35.Rc7 h4 36.Qg2 Re8
37.gxh4 Qh6 38.Qg4 Kh8 39.Qg3 Bb3 40.Kf2 Bd1 41.Ke1 Bf3 42.Rc5 Rd8 43.h5 Kh7
44.Qg6+ Qxg6 45.hxg6+ Kxg6 46.Kf2 Rh8 47.Kg3 Rh6 48.Rc4 Kh5 49.Rc5+ f5 50.Rc7 Rg6+
51.Kf2 Rg2+ 52.Kf1 Rxh2 53.Rxg7 Rh1+ 54.Rg1  1/2-1/2

[Event "Alekhine op"]
[Site "Moscow"]
[Date "1992.??.??"]
[Round "?"]
[White "Ehlvest, Jaan"]
[Black "Serper, Grigory"]
[Result "1-0"]
[WhiteElo "2635"]
[BlackElo "2575"]

1.e4 c5 2.Nf3 d6 3.d4 cxd4 4.Nxd4 Nf6 5.Nc3 Nc6 6.Bg5 e6 7.Qd2 a6 8.O-O-O h6
9.Be3 Be7 10.f3 Nxd4 11.Bxd4 b5 12.Kb1 e5 13.Be3 Be6 14.g4 Qa5 15.Qf2 Rb8
16.Nd5 Bxd5 17.exd5 Bd8 18.Qe2 Rb7 19.h4 Qc7 20.Qg2 Qe7 21.Bc1 Nd7 22.Re1 Bb6
23.f4 Rc7 24.Rh3 O-O 25.h5 Qf6 26.Bd3 Qd8 27.g5 hxg5 28.fxg5 Nc5 29.Bf5 e4
30.Rf1 Re7 31.g6 e3 32.h6  1-0

[Event "Alekhine op"]
[Site "Moscow"]
[Date "1992.??.??"]
[Round "?"]
[White "Ehlvest, Jaan"]
[Black "Epishin, Vladimir"]
[Result "0-1"]
[WhiteElo "2635"]
[BlackElo "2630"]

1.d4 Nf6 2.Nf3 e6 3.c4 b6 4.g3 Ba6 5.Nbd2 Bb7 6.Bg2 c5 7.e4 cxd4 8.e5 Ng8
9.O-O Bc5 10.Nb3 Qc7 11.Nbxd4 Bxd4 12.Qxd4 Ne7 13.b3 Nf5 14.Qf4 Nc6 15.Re1 Nce7
16.Ba3 f6 17.Bd6 fxe5 18.Bxc7 exf4 19.Bxf4 Rf8 20.Rad1 O-O-O 21.Rd3 h6 22.Bd2 g5
23.h3 Ng6 24.Bc3 Rf7 25.Nd4 Bxg2 26.Kxg2 Nxd4 27.Bxd4 Rf5 28.Rf3 Rdf8 29.Rxf5 Rxf5
30.Re3 Kc7 31.Rf3 h5 32.b4 d6 33.b5 g4 34.hxg4 hxg4 35.Ra3 Kb7 36.Re3 e5
37.Bc3 Nf8 38.Bb4 Rf6 39.f3 Rg6 40.fxg4 Nd7 41.g5 a5 42.Ba3 Kc7 43.Rd3 e4
44.Re3 Rxg5 45.Rxe4 d5 46.Rd4 dxc4 47.Bd6+ Kd8 48.a4 Rg6 49.Bf4 c3 50.Rc4 Re6
51.Kf3 Re1 52.Bc7+ Ke7 53.Rxc3 Ra1 54.Re3+ Kf7 55.Bd8 Rd1 56.Re7+ Kg6 57.Bc7 Kf6
58.Re4 Kf7 59.Rc4 Ra1 60.Kf4 Ke6 61.Kg5 Kd5 62.Rh4 Nc5 63.Bxb6 Ne4+ 64.Kg6 Rxa4
65.Bc7 Rb4 66.Rh5+ Kc4 67.b6 a4 68.Ra5 Nc5 69.Bd6 Rxb6 70.Rxc5+ Kd4 71.Ra5 Rxd6+
72.Kf5 Rd5+ 73.Rxd5+ Kxd5 74.g4 a3 75.g5 a2 76.g6 a1=Q  0-1

[Event "New York op"]
[Site "New York"]
[Date "1992.??.??"]
[Round "8"]
[White "Ehlvest, Jaan"]
[Black "Khmelnitsky, Igor N"]
[Result "1-0"]
[WhiteElo "2615"]
[BlackElo "2475"]

1.d4 Nf6 2.Nf3 c5 3.d5 g6 4.Nc3 Bg7 5.e4 O-O 6.Be2 b5 7.e5 Ng4 8.Bf4 b4 9.Ne4 d6
10.exd6 exd6 11.O-O Bxb2 12.Rb1 Bg7 13.Bxd6 Re8 14.Nfd2 Nf6 15.Nxf6+ Bxf6
16.Bxc5 a5 17.Bb5 Bd7 18.Bd3 Na6 19.Be3 Nc7 20.Qf3 Bg7 21.Nc4 Bb5 22.d6 Ne6
23.Qd5 Rb8 24.Rfd1 Nc7 25.Qf3 Ne6 26.Bf1 Ng5 27.Bxg5 Qxg5 28.d7 Rf8 29.Ne3 Bxf1
30.Kxf1 Rfd8 31.Rd3 Qb5 32.Qd5 Be5 33.Rd1 Bc7 34.Qxb5 Rxb5 35.c4 Rc5 36.Rd5 Rc6
37.c5 Kf8 38.Nc2 Ra6 39.Nd4 a4 40.c6 Rb6 41.Rb5 Rdb8 42.Rxb6 Rxb6 43.Ne6+ fxe6
44.d8=Q+ Bxd8 45.Rxd8+ Kf7 46.c7 b3 47.axb3  1-0

[Event "New York op"]
[Site "New York"]
[Date "1992.??.??"]
[Round "9"]
[White "Lobron, Eric"]
[Black "Ehlvest, Jaan"]
[Result "1/2-1/2"]
[WhiteElo "2575"]
[BlackElo "2615"]

1.d4 Nf6 2.c4 e6 3.Nf3 c5 4.e3 b6 5.Bd3 Bb7 6.O-O Be7 7.Nc3 a6 8.Qe2 O-O
9.d5 exd5 10.cxd5 b5 11.e4 c4 12.Bc2 d6 13.Nd4 Re8 14.Be3 Nbd7 15.a3 Bf8
16.Rae1 Qc7 17.f4 Nc5 18.Qf3 Nfd7 19.Nf5 g6 20.Bd4 f6 21.Ne3 Bg7  1/2-1/2

[Event "Tilburg"]
[Site "Tilburg"]
[Date "1992.??.??"]
[Round "1"]
[White "Ehlvest, Jaan"]
[Black "Vyzmanavin, Alexey"]
[Result "1/2-1/2"]
[WhiteElo "2635"]
[BlackElo "2580"]

1.Nf3 f5 2.g3 Nf6 3.Bg2 g6 4.c3 Bg7 5.Qb3 e6 6.d4 O-O 7.O-O Nc6 8.Nbd2 d5
9.Ne1 b6 10.Nd3 Bb7 11.Nf3 Ne4 12.Qc2 Rc8 13.Be3 Na5 14.Rad1 Nc4 15.Bc1 c5
16.Qb1 Qe7 17.Qa1 a5 18.a4 Ba6 19.Rfe1 Ncd6 20.Be3  1/2-1/2

[Event "FRA"]
[Site "FRA"]
[Date "1993.??.??"]
[Round "?"]
[White "Dubois, Jean Marie"]
[Black "Ehlvest, Jaan"]
[Result "0-1"]
[WhiteElo "2300"]
[BlackElo "2625"]

1.e4 Nf6 2.e5 Nd5 3.d4 d6 4.c4 Nb6 5.f4 dxe5 6.fxe5 Nc6 7.Be3 Bf5 8.Nc3 e6
9.Nf3 Bg4 10.Qd2 Na5 11.b3 Bb4 12.Be2 O-O 13.O-O c5 14.Qc2 Bf5 15.Ne4 cxd4
16.Nxd4 Bg6 17.Bd3 Nd7 18.Nf3 Nc6 19.Qb2 Qc7 20.Bf4 Nc5 21.Nf6+ gxf6 22.Bxg6 hxg6
23.Rad1 Ne4 24.Bh6 f5 25.Bxf8 Rxf8 26.Rd3 Bc5+ 27.Kh1 Qb6 28.Rd7 Nb8 29.Rdd1 Nf2+
30.Rxf2 Bxf2 31.Ng5 Bc5 32.h4 Be7 33.c5 Bxc5 34.Qc3 Be7 35.Qc4 Qc6  0-1

[Event "FRA"]
[Site "FRA"]
[Date "1993.??.??"]
[Round "?"]
[White "Chabanon, Jean Luc"]
[Black "Ehlvest, Jaan"]
[Result "1/2-1/2"]
[WhiteElo "2425"]
[BlackElo "2625"]

1.d4 e6 2.c4 b6 3.Nc3 Bb4 4.Qc2 c5 5.a3 Bxc3+ 6.Qxc3 cxd4 7.Qxd4 Nf6 8.Nf3 Nc6
9.Qc3 Bb7 10.b3 Rc8 11.Bb2 d5 12.Rd1 Na5 13.e3 O-O 14.h4 Re8 15.h5 h6 16.Rh4 Qe7
17.Ne5 Nc6 18.cxd5 Nxe5 19.Qxe5 Bxd5 20.Rg4 Kh8 21.b4 Rc2 22.Rg3 Rxb2 23.Qxb2 Nxh5
24.Rh3 Nf6 25.f3 e5 26.Be2 a5 27.Kf2 Be6 28.Qxe5 axb4 29.axb4 Bxh3 30.Qxe7 Rxe7
31.gxh3 g5 32.e4 Kg7 33.Ke3 Re6 34.Bb5 h5 35.Bd7 Nxd7 36.Rxd7 Rc6 37.Rd5 f6
38.h4 Rc3+ 39.Kd2 Rxf3 40.hxg5 h4 41.Ke2 Rb3 42.gxf6+  1/2-1/2

[Event "FRA"]
[Site "FRA"]
[Date "1993.??.??"]
[Round "?"]
[White "Ehlvest, Jaan"]
[Black "Spiridonov, Nikola"]
[Result "1/2-1/2"]
[WhiteElo "2625"]
[BlackElo "2430"]

1.d4 d5 2.c4 c6 3.Nf3 Nf6 4.e3 g6 5.Bd3 Bg7 6.O-O O-O 7.Nc3 Bg4 8.h3 Bxf3
9.Qxf3 Qd6 10.Qd1 Nbd7 11.cxd5 cxd5 12.Qb3 a6 13.a4 Rfc8 14.Rd1 e6 15.Bd2 Qb6
16.Qa2 a5 17.Bb5 Nb8 18.Be1 Nc6 19.Bf1 Nb4 20.Qb3 Rc6 21.Rac1 Rac8 22.Na2 Rxc1
23.Nxc1 Bf8 24.Na2 Nd7 25.Nc3 Nc6 26.Qc2 Bb4 27.f3 Qd8 28.Bf2 Nb6 29.Qb3 Be7
30.Na2 Nb4 31.Bb5 Nxa2 32.Qxa2 Bh4 33.Bxh4 Qxh4 34.Qb3 Qg3 35.Bf1 Nc4 36.Rc1 Kg7
37.Bxc4 dxc4 38.Rxc4 Qe1+ 39.Kh2 Rxc4 40.Qxc4  1/2-1/2

[Event "Groningen PCA"]
[Site "Groningen"]
[Date "1993.??.??"]
[Round "3"]
[White "Ehlvest, Jaan"]
[Black "Hansen, Curt"]
[Result "1/2-1/2"]
[WhiteElo "2620"]
[BlackElo "2590"]

1.c4 e5 2.Nc3 Nf6 3.Nf3 Nc6 4.g3 Bb4 5.Nd5 Bc5 6.Bg2 d6 7.O-O O-O 8.e3 Bb6
9.d4 Bg4 10.h3 Bxf3 11.Qxf3 exd4 12.Nxb6 axb6 13.exd4 Nxd4 14.Qd1 Nc6 15.b3 Re8
16.Bb2 Qe7 17.Qd3 Nd7 18.b4 Qe6 19.Qc3 Qf6 20.Qb3 Qg6 21.Rfe1 Kf8  1/2-1/2

[Event "Groningen PCA"]
[Site "Groningen"]
[Date "1993.??.??"]
[Round "7"]
[White "Ehlvest, Jaan"]
[Black "Kortschnoj, Viktor"]
[Result "1-0"]
[WhiteElo "2620"]
[BlackElo "2625"]

1.d4 Nf6 2.c4 e6 3.Nf3 b6 4.g3 Ba6 5.Nbd2 Bb4 6.Qc2 O-O 7.Bg2 d5 8.O-O Bxd2
9.Nxd2 Nc6 10.e3 Qe7 11.b3 Rac8 12.Re1 Rfd8 13.Qc3 Qb4 14.Bb2 Qxc3 15.Bxc3 Ne7
16.Rec1 Bb7 17.Bb4 Nc6 18.Ba3 a5 19.Rc2 Ne8 20.cxd5 exd5 21.Nf3 Ra8 22.Rac1 a4
23.b4 Na7 24.Ne5 Nb5 25.Bb2 a3 26.Bc3 f6 27.Nd3 Ned6 28.Nf4 c6 29.h4 Re8
30.Be1 Nc4 31.Nxd5 cxd5 32.Rxc4 dxc4 33.Bxb7 Rac8 34.Bxc8 Rxc8 35.Kf1 Kf7
36.Bc3 f5 37.f3 Ke6 38.e4 Kd6 39.Ke2 Re8 40.Ke3 Nc7 41.Re1 Nb5 42.Ba1 Rc8
43.Rc1 Kd7 44.d5 fxe4 45.fxe4 c3 46.Kd3 Rf8 47.e5 Rf3+ 48.Kc4 Nc7 49.Bxc3 Rxg3
50.Bd4 Rg4 51.Rg1 b5+ 52.Kc5 Na6+ 53.Kxb5 Rxd4 54.Rxg7+ Kd8 55.Kxa6 Rxb4
56.Rg8+ Ke7 57.d6+ Ke6 58.Re8+ Kd7 59.Re7+ Kd8 60.Rxh7 Re4 61.Kb6  1-0

[Event "New York Hudson"]
[Site "New York"]
[Date "1993.??.??"]
[Round "1"]
[White "Yermolinsky, Alex"]
[Black "Ehlvest, Jaan"]
[Result "0-1"]
[WhiteElo "2615"]
[BlackElo "2625"]

1.d4 e6 2.c4 b6 3.a3 c5 4.d5 e5 5.e4 d6 6.Bd3 Be7 7.Nf3 Nf6 8.Nc3 O-O 9.h3 Na6
10.g4 Nc7 11.b3 Bd7 12.a4 Na6 13.Ne2 h5 14.Ng3 hxg4 15.Nh4 Nh7 16.Nhf5 Bg5
17.Qxg4 g6 18.Bxg5 Qxg5 19.Qxg5 Nxg5 20.Nxd6 Nb4 21.Kd2 Bxh3 22.Be2 Rfd8
23.Nb5 Bd7 24.Rh4 Bxb5 25.cxb5 Kg7 26.Rah1 a6 27.bxa6 Nxa6 28.f4 exf4 29.Rxf4 Nb4
30.Rg4 f6 31.Kc3 Re8 32.Bb5 Re5 33.d6 Rd8 34.d7 Re6 35.Rd1 Na2+ 36.Kc4 Nf3
37.Nf5+ Kf7 38.Nh6+ Ke7 39.Nf5+ Kf7 40.Nh6+ Ke7 41.Nf5+ gxf5 42.Rg7+ Kf8
43.Rh7 Rxe4+ 44.Kd5 Nc3+ 45.Kd6 Rxd7+ 46.Bxd7 Nxd1 47.Bxf5 Re3 48.Rh8+ Kg7
49.Rh7+ Kg8 50.Rb7 Nd4 51.Bg6 Re6+ 52.Kc7 Kg7 53.Bd3 Ne3  0-1

[Event "New York Hudson"]
[Site "New York"]
[Date "1993.??.??"]
[Round "2"]
[White "Edelman, Daniel"]
[Black "Ehlvest, Jaan"]
[Result "1-0"]
[WhiteElo "2400"]
[BlackElo "2625"]

1.e4 c5 2.Nf3 e6 3.d4 cxd4 4.Nxd4 Nf6 5.Nc3 d6 6.Be3 Be7 7.f3 Nc6 8.Qd2 a6
9.g4 Nxd4 10.Bxd4 O-O 11.O-O-O b5 12.h4 Nd7 13.g5 Rb8 14.Qf2 Qc7 15.Kb1 Nc5
16.Bd3 Bb7 17.h5 b4 18.Ne2 Rbc8 19.g6 h6 20.Rhg1 f5 21.Bxc5 dxc5 22.Bc4 Qe5
23.Qg3 f4 24.Qg4 Rc6 25.Nc1 Bc8 26.Nd3 Qf6 27.e5 Qg5 28.Qxg5 hxg5 29.Nf2 Rd8
30.Rxd8+ Bxd8 31.Ne4 Be7 32.Nxg5 Rb6 33.Nh3  1-0

[Event "New York op"]
[Site "New York"]
[Date "1993.??.??"]
[Round "5"]
[White "Ehlvest, Jaan"]
[Black "Fishbein, Alexander"]
[Result "0-1"]
[WhiteElo "2625"]
[BlackElo "2510"]

1.e4 c5 2.Nf3 Nc6 3.d4 cxd4 4.Nxd4 Nf6 5.Nc3 d6 6.Bg5 e6 7.Qd2 Be7 8.O-O-O O-O
9.f4 h6 10.Bh4 Qc7 11.Qe1 Rd8 12.Nf3 a6 13.g4 b5 14.Bd3 b4 15.Ne2 a5 16.Kb1 a4
17.Rg1 b3 18.g5 hxg5 19.fxg5 bxc2+ 20.Bxc2 Ne8 21.g6 fxg6 22.Bxe7 Nxe7 23.e5 dxe5
24.Rxd8 Qxd8 25.Nxe5 a3 26.Bb3 Nf6 27.bxa3 Rxa3 28.Qb4 Ra5 29.Rd1 Qc7 30.Rc1 Qxe5
31.Qxe7 Qe4+ 32.Ka1 Qe5+ 33.Kb1 Bd7 34.Nf4 Rb5 35.Rc4 Qe1+ 36.Kb2 Qd2+ 37.Ka1 Qe1+
38.Kb2 Qd2+ 39.Kb1 Re5 40.Qd8+ Kh7 41.Qc7 Re1+ 42.Rc1 e5 43.Ne6 Bxe6 44.Bxe6 Ne4
45.Rxe1 Nc3+ 46.Qxc3 Qxc3 47.Re2 Qb4+ 48.Bb3 e4 49.Re3 Kh6 50.Kc1 Qd4 51.Re2 e3
52.Bd1 Qa1+ 53.Kc2 Qxa2+ 54.Kd3 Qd5+  0-1

[Event "Novosibirsk"]
[Site "Novosibirsk"]
[Date "1993.??.??"]
[Round "3"]
[White "Epishin, Vladimir"]
[Black "Ehlvest, Jaan"]
[Result "1-0"]
[WhiteElo "2620"]
[BlackElo "2625"]

1.d4 e6 2.c4 b6 3.e4 Bb7 4.Bd3 Nc6 5.Ne2 Nb4 6.O-O Nxd3 7.Qxd3 d6 8.Nbc3 Nf6
9.d5 Be7 10.Nd4 Qd7 11.b3 c6 12.dxc6 Bxc6 13.Ba3 a6 14.Rad1 Bb7 15.Qg3 Qc7
16.Rfe1 g6 17.e5 Nh5 18.Bxd6 Qd7 19.Qg4 Bxd6 20.exd6 O-O 21.Na4 Rae8 22.Nc2 Qd8
23.d7 Re7 24.Qd4 Bc6 25.Nxb6 e5 26.Qc5 Re6 27.Nb4 Bxg2 28.Kxg2 Rxb6 29.Nc6 Rxc6
30.Qxc6 Qh4 31.Qf3 Qg5+ 32.Kh1 Rd8 33.c5 e4 34.Qxe4 Qxc5 35.Qe8+ Kg7 36.Qe5+  1-0

[Event "Novosibirsk"]
[Site "Novosibirsk"]
[Date "1993.??.??"]
[Round "5"]
[White "Ruban, Vadim"]
[Black "Ehlvest, Jaan"]
[Result "0-1"]
[WhiteElo "2595"]
[BlackElo "2625"]

1.d4 d5 2.c4 dxc4 3.Nf3 a6 4.e3 Nf6 5.Bxc4 c5 6.Qe2 e6 7.dxc5 Bxc5 8.O-O b5
9.Bd3 Nc6 10.Nbd2 Bb7 11.e4 Nd7 12.Nb3 Bd6 13.Rd1 Qb8 14.Be3 O-O 15.Rac1 Nce5
16.Nxe5 Nxe5 17.Bc5 Rd8 18.Bxd6 Rxd6 19.Qe3 Nc4 20.Bxc4 Rxd1+ 21.Rxd1 bxc4
22.Nc5 Bc6 23.Qd4 h6 24.Rc1 Qb6 25.Qxc4 Rd8 26.b3 Bb5 27.Qc3 a5 28.h3 f6
29.b4 a4 30.Qc2 Rd4 31.a3 Qd6 32.e5 Qxe5 33.Rd1 Qf5 34.Qc1 e5 35.Rxd4 exd4
36.Qd2 Qd5 37.f3 f5 38.Kf2 d3 39.Ke1 Qd4 40.Kf1 f4 41.Ne4 Kh7 42.g3 Qa1+
43.Kf2 Qxa3 44.Qxf4 Qb2+ 45.Ke3 Be8 46.Kxd3 a3 47.Nc3 a2 48.Nxa2 Qxa2 49.Kd4 Qa7+
50.Kd5 Qb7+ 51.Kc4 Bc6 52.Qf5+ g6 53.Qe5 Bxf3 54.b5 Bg2 55.h4 Bf1+ 56.Kb4 h5
57.Qc5 Bd3 58.b6 Be4 59.Qd6 Qg7 60.Kc4 Qf7+ 61.Kc5 Qf2+ 62.Kc4 Qc2+  0-1

[Event "Novosibirsk"]
[Site "Novosibirsk"]
[Date "1993.??.??"]
[Round "6"]
[White "Ehlvest, Jaan"]
[Black "Vyzmanavin, Alexey"]
[Result "1-0"]
[WhiteElo "2625"]
[BlackElo "2620"]

1.e4 c6 2.d4 d5 3.Nd2 dxe4 4.Nxe4 Nd7 5.Bc4 Ngf6 6.Ng5 e6 7.Qe2 Nb6 8.Bb3 h6
9.N5f3 c5 10.Bf4 Nbd5 11.Be5 Qa5+ 12.Nd2 cxd4 13.Bxd4 Bc5 14.Be5 Bd7 15.Nh3 O-O-O
16.O-O Bc6 17.a4 Rd7 18.Bc4 Bd6 19.Bxd6 Rxd6 20.Bd3 Qc7 21.Nc4 Rdd8 22.Ne5 Nb4
23.a5 Rd5 24.Nxc6 Nxc6 25.a6 b6 26.Ra4 Kb8 27.Nf4 Rd4 28.Rxd4 Nxd4 29.Qe3 Rd8
30.c3 Nb3 31.Bc2 Nc5 32.b4 Ncd7 33.Rd1 Rc8 34.Ne2 Nd5 35.Qd2 Ne5 36.Be4 Nxc3
37.Nxc3 Qxc3 38.Qd6+ Qc7 39.Qd4 f5 40.Bb7 Rf8 41.f4 Ng4 42.h3 Nf6 43.Qe3 Ne4
44.Bxe4 fxe4 45.Qxe4 Rc8 46.Rd6 Re8 47.Rc6  1-0

[Event "Novosibirsk"]
[Site "Novosibirsk"]
[Date "1993.??.??"]
[Round "7"]
[White "Serper, Grigory"]
[Black "Ehlvest, Jaan"]
[Result "1/2-1/2"]
[WhiteElo "2590"]
[BlackElo "2625"]

1.c4 e5 2.g3 d6 3.Bg2 g6 4.Nc3 Bg7 5.e4 Nc6 6.Nge2 Nh6 7.d3 O-O 8.h4 f5 9.Bg5 Qd7
10.Nd5 Nf7 11.Bf6 Nfd8 12.Bxg7 Qxg7 13.Qd2 Ne6 14.h5 Ncd4 15.hxg6 hxg6 16.Nxd4 Nxd4
17.Rh6 g5 18.Rg6 Qxg6 19.Ne7+ Kg7 20.Nxg6 Kxg6 21.exf5+ Bxf5 22.O-O-O Bg4
23.Bxb7 Bxd1 24.Bxa8 Bf3 25.Bxf3 Rxf3 26.Qa5 c6 27.Qxa7 Rxf2 28.Qb8 Rf1+
29.Kd2 Rf2+ 30.Ke1 Re2+ 31.Kf1 Kh5 32.Qxd6 Nf5 33.Qxc6 Nxg3+ 34.Kg1 Kg4 35.Qe6+ Kf3
36.Qf6+ Kg4 37.Qe6+ Kf3 38.Qf6+ Kg4 39.c5 Re1+ 40.Kg2 Re2+ 41.Kg1 Re1+ 42.Kg2 Re2+
43.Kg1  1/2-1/2

[Event "Novosibirsk"]
[Site "Novosibirsk"]
[Date "1993.??.??"]
[Round "10"]
[White "Ehlvest, Jaan"]
[Black "Akopian, Vladimir"]
[Result "1/2-1/2"]
[WhiteElo "2625"]
[BlackElo "2615"]

1.d4 d5 2.c4 c6 3.Nf3 Nf6 4.e3 e6 5.Bd3 Nbd7 6.O-O Bd6 7.Nc3 O-O 8.e4 dxc4
9.Bxc4 e5 10.Bg5 Qe7 11.d5 Nb6 12.Bb3 h6 13.Bxf6 Qxf6 14.dxc6 bxc6 15.Qc2 Bg4
16.Nd2  1/2-1/2

[Event "World op"]
[Site "Philadelphia"]
[Date "1993.??.??"]
[Round "?"]
[White "Hastings, Jonathan"]
[Black "Ehlvest, Jaan"]
[Result "0-1"]
[WhiteElo "2210"]
[BlackElo "2620"]

1.d4 e6 2.c4 b6 3.a3 Ba6 4.e4 d5 5.Nd2 dxc4 6.Bxc4 b5 7.Be2 Qxd4 8.Ngf3 Qd8
9.a4 b4 10.Bxa6 Nxa6 11.Qe2 Nc5 12.Ne5 a6 13.O-O Nf6 14.Rd1 Qc8 15.Ng4 Nxg4
16.Qxg4 e5 17.Qe2 Qe6 18.Nc4 Be7 19.f3 Nb3 20.Rb1 Bc5+ 21.Kh1 Nd4 22.Qf1 O-O
23.Be3 f5 24.Bxd4 Bxd4 25.Re1 f4 26.b3 Rf6 27.Re2 Rh6 28.h3 g5 29.Kh2 Kh8
30.Rc1 Rg8 31.Rd1 g4 32.fxg4 Qxg4 33.Rd3 Qg7 34.Qf3 Rg6 35.Qf1 Rg3 36.Rf3  0-1

[Event "Podolsk"]
[Site "Podolsk"]
[Date "1993.??.??"]
[Round "?"]
[White "Ehlvest, Jaan"]
[Black "Sveshnikov, Evgeny"]
[Result "0-1"]
[WhiteElo "2620"]
[BlackElo "2570"]

1.e4 c5 2.Nf3 Nc6 3.Bb5 e6 4.Bxc6 bxc6 5.b3 f6 6.O-O Nh6 7.d4 Nf7 8.Ba3 cxd4
9.Bxf8 Kxf8 10.Nxd4 Bb7 11.Nc3 c5 12.Nde2 g6 13.Qd3 Kg7 14.Rad1 Bc6 15.Nf4 Re8
16.Qg3 Qe7 17.Rfe1 Rab8 18.Re3 Ne5 19.Nd3 Nxd3 20.Rdxd3 Rb4 21.Qc7 Rb7 22.Qa5 Rc8
23.Rd1 c4 24.h3 Qb4 25.Qa6 Rcc7 26.a3 Qc5 27.b4 Rb6 28.Qxa7 Rxa7 29.bxc5 Rb2
30.Ne2 e5 31.Rc3 Bxe4 32.Rxc4 Bxc2 33.Rd2 Bb3 34.Rxb2 Bxc4 35.Rd2 Kf7 36.Ng3 f5
37.Rc2 Bb5 38.Rb2 Ra5 39.Rb3 Ke6 40.Rc3 Kd5 41.Nf1 Bxf1 42.Kxf1 Rxc5 43.Rb3 Rc1+  0-1

[Event "Keres mem"]
[Site "Rakvere"]
[Date "1993.??.??"]
[Round "2"]
[White "Hodgson, Julian M"]
[Black "Ehlvest, Jaan"]
[Result "0-1"]
[WhiteElo "2625"]
[BlackElo "2620"]

1.e4 c5 2.Nf3 d6 3.c3 Nf6 4.Be2 Nbd7 5.d3 g6 6.O-O Bg7 7.Nbd2 O-O 8.Re1 b6
9.d4 cxd4 10.cxd4 Bb7 11.Bd3 Rc8 12.Nb3 e5 13.d5 Nh5 14.Bg5 Bf6 15.Bh6 Ng7
16.Qe2 Be7 17.Ba6 Rc7 18.Bxb7 Rxb7 19.Rac1 Nc5 20.Nbd2 a5 21.b3 f5 22.Rc3 Rf7
23.a3 fxe4 24.Nxe4 Nf5 25.Qd2 Rc7 26.Nxc5 bxc5 27.Ng5 Bxg5 28.Bxg5 Qa8 29.Qd3 Nd4
30.Qe4 Rf5 31.Be3 Rb7 32.f4 Qa6 33.Rd3 Rbf7 34.b4 Rxf4 35.Bxf4 Rxf4 36.Qe3 Nc2
37.b5 Qb6 38.Qh3 Nxe1 39.Qe6+ Kg7 40.Qh3 c4+  0-1